Hội thảo quốc gia nông nghiệp hữu cơ : Thực trạng và định hướng phát triển /
সংরক্ষণ করুন:
| সংস্থা লেখক: | |
|---|---|
| বিন্যাস: | Sách giấy |
| ভাষা: | Vietnamese |
| প্রকাশিত: |
Tp. Hồ Chí Minh :
Nông nghiệp,
2013.
|
| সংস্করন: | Lần thứ nhất. |
| বিষয়গুলি: | |
| ট্যাগগুলো: |
ট্যাগ যুক্ত করুন
কোনো ট্যাগ নেই, প্রথমজন হিসাবে ট্যাগ করুন!
|
| Thư viện lưu trữ: | Thư viện Trường Đại học Đà Lạt |
|---|
| LEADER | 00947nam a2200325 4500 | ||
|---|---|---|---|
| 001 | DLU140164512 | ||
| 005 | ##20140923 | ||
| 040 | # | # | |a DLU |b vie |
| 041 | # | # | |a vie |
| 044 | # | # | |a vn |
| 082 | # | # | |a 630 |b HIE |
| 110 | # | # | |a Hiệp hội Nông nghiệp Hữu cơ Việt Nam (VOAA). |
| 245 | # | # | |a Hội thảo quốc gia nông nghiệp hữu cơ : |b Thực trạng và định hướng phát triển / |c Hiệp hội Nông nghiệp Hữu cơ Việt Nam (VOAA). |
| 250 | # | # | |a Lần thứ nhất. |
| 260 | # | # | |a Tp. Hồ Chí Minh : |b Nông nghiệp, |c 2013. |
| 300 | # | # | |a 360 tr. ; |c 27 cm. |
| 650 | # | # | |a Canh tác hữu cơ |z Việt Nam. |
| 650 | # | # | |a Nông nghiệp |z Việt Nam |v Kỷ yếu. |
| 923 | # | # | |a 03/2014 |
| 991 | # | # | |a SH |
| 992 | # | # | |a 18000 |
| 994 | # | # | |a DLU |
| 998 | # | # | |a KY |
| 900 | # | # | |a True |
| 911 | # | # | |a Đào Thị Thu Huyền |
| 925 | # | # | |a G |
| 926 | # | # | |a A |
| 927 | # | # | |a SH |
| 980 | # | # | |a Thư viện Trường Đại học Đà Lạt |